LEADER 01061nam 2200349 450 001 9910466987303321 010 $a3-8325-9932-0 035 $a(CKB)4340000000242853 035 $a(MiAaPQ)EBC5219728 035 $a(EXLCZ)994340000000242853 100 $a20180507d2015 uy 0 101 0 $aeng 135 $aurcnu|||||||| 181 $ctxt$2rdacontent 182 $cc$2rdamedia 183 $acr$2rdacarrier 200 10$aBetween pain and math $ehow expectations shape cognitive processes from neural activity to behaviour /$fKatharina Schwarz 210 1$aBerlin, Germany :$cLogos Verlag Berlin,$d2015. 215 $a1 online resource (181 pages) 311 $a3-8325-4127-6 606 $aStereotypes (Social psychology) 608 $aElectronic books. 615 0$aStereotypes (Social psychology) 676 $a303.385 700 $aSchwarz$b Katharina$0946781 801 0$bMiAaPQ 801 1$bMiAaPQ 801 2$bMiAaPQ 906 $aBOOK 912 $a9910466987303321 996 $aBetween pain and math$92139014 997 $aUNINA LEADER 01217nam0 22002771i 450 001 UON00042791 005 20231205102153.450 100 $a20020107d1979 |0itac50 ba 101 $ageo$aRUS 102 $aSU 105 $a|||| 1|||| 200 1 $aAnaliz sistem terminov rodstva$e(Po materialam kartvel'skix jazykov)$dNatesaonis terminta sistemis analizi$eKartvelur enata masalebis mizedist)$fEter Soselia 210 $aTblisi$cIzd. Mecniereba$d1979 215 $a111 p.$d21 cm 606 $aLINGUE CAUCASICHE$xCARTVELICO$3UONC014637$2FI 620 $aGE$dTbilisi$3UONL000567 686 $aCAU II A$cCAUCASO E ARMENIA - LINGUISTICA - LINGUE CAUCASICHE MERIDIONALI$2A 700 1$aSOSELIA$bEter$3UONV027186$0648461 712 $aIzdatel'stvo Akademii Nauk Gruzinskoj SSR$3UONV247378$4650 790 1$aSOSELIJA, E. G.$zSOSELIA, Eter$3UONV165256 801 $aIT$bSOL$c20240220$gRICA 899 $aSIBA - SISTEMA BIBLIOTECARIO DI ATENEO$2UONSI 912 $aUON00042791 950 $aSIBA - SISTEMA BIBLIOTECARIO DI ATENEO$dSI CAU II A 001 $eSI SA 37243 5 001 996 $aAnaliz sistem terminov rodstva$91152898 997 $aUNIOR